00601nam a22001697a 450000500170000001000130001702000140003003500110004403700160005508200070007110000370007824500940011524600690020926000430027827000880032130000220040920190819165632.0 aUR-10381 c300.00a- aU-8936 bDBAD/PUBa- aک aقر يشی شر يف ا حمد  aر ا نی کيتکی کی کہا نی کی فر ہنگcقر يشی شر يف ا حمد  bRani Ketki Ki Kahani Ki Farhang (Urdu)aby Shareef Ahmed Qureshi aU.P.bShareef Ahmed Qureshic2008 ء  aReader Shoiba Urdu,Govt.Raza Post Graduate College bRam Pure244901k9259132015l- a295 صc22 Cm(Hb)